000 00681cam a22002171 4500
001 rc 01001955
003 DLC
005 20260227111905.0
008 760220s1838 ilu 000 0 eng
010 _arc 01001955
035 _a(OCoLC)2003603
040 _aDLC
_cMiOC
_dDLC
042 _apremarc
050 0 0 _aF549.A4
_bB4
100 1 _aBeecher, Edward,
_d1803-1895.
245 0 0 _aNarrative of riots at Alton:
_bin connection with the death of Rev. Elijah P. Lovejoy.
_cBy Red. Edward Beecher ...
260 _aAlton [Ill.]
_bG. Holton,
_c1838.
300 _a159 p.
_c19 cm.
651 0 _aAlton (Ill.)
_xRiot, 1837.
600 1 0 _aLovejoy, Elijah P.
_q(Elijah Parish),
_d1802-1837
999 _c52209
_d52209